000 00383nam a2200145Ia 4500
005 20250729165803.0
008 250729s2017 xx 000 0 und d
041 _aeng
082 _a372.25 ELLD
100 _aElizabeth And Herrlock
_9232989
245 _aDevelopmental Psychology
260 _aBangalore
_bHalluru Prakashana
_c2017
300 _a477p
650 _aPsychology
_9232990
999 _c240057
_d240057